Fundamentals of Marketing

Guardado en:
Detalles Bibliográficos
Autores principales: Stanton, William J (Autor), Etzel, Michael J (Autor), Walker, Bruce J (Autor)
Formato: Libro
Lenguaje:inglés
Publicado: Nueva York McGraw-Hill Inc 1991
Edición:9a. ed
Materias:
Etiquetas: Agregar Etiqueta
Sin Etiquetas, Sea el primero en etiquetar este registro!

MARC

LEADER 00000cam a2200000 a 4500
001 UCD6397
003 CL-VaPUC
008 161209e19910000us |||||||||||||||||eng|d
020 |a 0070609527 
082 0 4 |a 658.8  |b STA  |2 21 
100 0 |a Stanton, William J  |e author  |9 590231 
700 0 |a Etzel, Michael J  |e author  |9 590232 
700 0 |a Walker, Bruce J  |e author  |9 590233 
245 1 0 |a Fundamentals of Marketing 
250 |a 9a. ed 
300 |a 668 p 
942 |c BK 
945 |d 20161209 23:21:00  |a dcastane 
260 |a Nueva York  |b McGraw-Hill Inc  |c 1991 
650 0 |a Marketing  |9 259324 
650 0 |a Planificación estratégica   |9 259735 
650 0 |a Administración de empresas   |9 260833 
650 0 |a Gestión de ventas  |9 407932 
583 |a last modification  |c 20161209 23:21:00  |k Rodrigo Vera 
999 |c 366748  |d 366746